000003794 001__ 3794 000003794 005__ 20260410141724.0 000003794 0247_ $$2DOI$$a10.6083/9g54xh95n 000003794 037__ $$aIR 000003794 245__ $$aA categorical analysis of multi-level languages (extended abstract) 000003794 269__ $$a1998 000003794 336__ $$aArticle 000003794 520__ $$acse-98-018 000003794 540__ $$fCC BY 000003794 542__ $$fIn copyright - single owner 000003794 691__ $$aOregon Graduate Institute 000003794 7001_ $$aEl-Abidine Benaissa, Zine 000003794 8564_ $$92cd0fb66-ba95-4378-b79a-07ff50714403$$s227412$$uhttps://digitalcollections.ohsu.edu/record/3794/files/csetech-111.pdf$$ePublic$$23c59430ad84a128bfa230f8a7d67a920$$31 000003794 901__ $$a<p>These documents are archival records. They are retained for historical reference only. </p><p><b>Need an accessible version? Use the "Get Accessible Copy" link above.</b></p> 000003794 905__ $$a/rest/prod/9g/54/xh/95/9g54xh95n 000003794 956__ $$aGet Accessible Copy$$uhttps://ohsu.libwizard.com/f/requestaccessibledocument 000003794 980__ $$aScholars Archive